| 000 | 00854nam a22002417a 4500 | ||
|---|---|---|---|
| 999 |
_c14026 _d14026 |
||
| 003 | MIRAKIL | ||
| 005 | 20200911151102.0 | ||
| 008 | 200911b tu ||||| |||| 00| 0 tur d | ||
| 040 |
_aTR-AnCHP _btur _cTR-AnCHP |
||
| 041 | _atur | ||
| 082 |
_aATA 923.156 _bA72s 1998 |
||
| 100 |
_aAtatürk, Mustafa Kemal _d1881-1838 |
||
| 245 |
_aYarın Cumhuriyeti ilan edeceğiz _cMustafa Kemal Atatürk. |
||
| 260 |
_aİstanbul: _bYenigün Haber Ajansı, _c1998. |
||
| 300 |
_a112 s. _c18 sm. |
||
| 500 | _aSöylev'den günümüz Türkçesiyle | ||
| 600 |
_aAtatürk, Mustafa Kemal _d1881-1938 _xSöylev ve demeçler |
||
| 600 |
_aAtatürk, Mustafa Kemal _d1881-1938 _xSiyasal ve sosyal görüşler |
||
| 650 |
_aAtatürk devrimleri _zTürkiye |
||
| 650 | 0 |
_aTürkiye _xCumhuriyetin ilanı _94 _ytarih |
|
| 651 |
_aTürkiye _xSiyaset ve yönetim |
||
| 942 |
_2ddc _cBKS |
||